<?xml version="1.0" encoding="UTF-8"?>
<collection xmlns:xsi="http://www.w3.org/2001/XMLSchema-instance" xsi:schemaLocation="http://www.loc.gov/MARC21/slim http://www.loc.gov/standards/marcxml/schema/MARC21slim.xsd" xmlns="http://www.loc.gov/MARC21/slim">
 <record>
  <leader>00000nmm a22000003i 4500</leader>
  <controlfield tag="001">UP-8027390931311311043</controlfield>
  <controlfield tag="003">Buklod</controlfield>
  <controlfield tag="005">20241018102314.0</controlfield>
  <controlfield tag="006">m    |o  d |      </controlfield>
  <controlfield tag="007">cr |||||||||||</controlfield>
  <controlfield tag="008">241018t20212017xx         e        eng d</controlfield>
  <datafield tag="020" ind1=" " ind2=" ">
   <subfield code="a">9783030611057 (ISBN)</subfield>
  </datafield>
  <datafield tag="035" ind1=" " ind2=" ">
   <subfield code="a">(Buklod)UP-99796217613118206</subfield>
  </datafield>
  <datafield tag="040" ind1=" " ind2=" ">
   <subfield code="a">DLC</subfield>
   <subfield code="d">DENGII</subfield>
   <subfield code="e">rda</subfield>
  </datafield>
  <datafield tag="041" ind1=" " ind2=" ">
   <subfield code="a">eng</subfield>
  </datafield>
  <datafield tag="084" ind1=" " ind2=" ">
   <subfield code="a">QA 76.58</subfield>
   <subfield code="b">I584 2021eb</subfield>
  </datafield>
  <datafield tag="111" ind1="2" ind2=" ">
   <subfield code="a">International Conference on P2P, Parallel, Grid, Cloud and Internet Computing</subfield>
   <subfield code="n">(15th</subfield>
   <subfield code="d">2020</subfield>
   <subfield code="c">Yonago City, Tottori Prefecture, Japan)</subfield>
  </datafield>
  <datafield tag="245" ind1="1" ind2="0">
   <subfield code="a">Advances on P2P, parallel, grid, cloud and internet computing</subfield>
   <subfield code="b">proceedings of the 16th International Conference on P2P, Parallel, Grid, Cloud and Internet Computing (3PGCIC-2021)</subfield>
   <subfield code="c">Leonard Barolli [and four others], editors.</subfield>
  </datafield>
  <datafield tag="246" ind1="3" ind2=" ">
   <subfield code="a">3PGCIC-2020</subfield>
  </datafield>
  <datafield tag="264" ind1=" " ind2="1">
   <subfield code="a">Cham, Switzerland</subfield>
   <subfield code="b">Springer</subfield>
   <subfield code="c">[2021]</subfield>
  </datafield>
  <datafield tag="300" ind1=" " ind2=" ">
   <subfield code="a">1 online resource.</subfield>
  </datafield>
  <datafield tag="336" ind1=" " ind2=" ">
   <subfield code="a">text</subfield>
   <subfield code="2">rdacontent</subfield>
  </datafield>
  <datafield tag="337" ind1=" " ind2=" ">
   <subfield code="a">computer</subfield>
   <subfield code="2">rdamedia</subfield>
  </datafield>
  <datafield tag="338" ind1=" " ind2=" ">
   <subfield code="a">online resource</subfield>
   <subfield code="2">rdacarrier</subfield>
  </datafield>
  <datafield tag="506" ind1=" " ind2=" ">
   <subfield code="a">IP-based subscription, on campus and remote access.</subfield>
   <subfield code="c">Access via Electronic Resources of the UPD Engineering Library and University Library websites.</subfield>
  </datafield>
  <datafield tag="533" ind1=" " ind2=" ">
   <subfield code="a">Electronic reproduction</subfield>
   <subfield code="b">New York</subfield>
   <subfield code="c">SpringerLink</subfield>
   <subfield code="d">2021</subfield>
   <subfield code="n">Available via World Wide Web through SpringerLink.</subfield>
  </datafield>
  <datafield tag="650" ind1=" " ind2="0">
   <subfield code="a">Electronic books.</subfield>
  </datafield>
  <datafield tag="650" ind1=" " ind2="0">
   <subfield code="a">Cloud computing</subfield>
   <subfield code="v">Congresses.</subfield>
  </datafield>
  <datafield tag="650" ind1=" " ind2="0">
   <subfield code="a">Computational grids (Computer systems)</subfield>
   <subfield code="v">Congresses.</subfield>
  </datafield>
  <datafield tag="650" ind1=" " ind2="0">
   <subfield code="a">Parallel processing (Electronic computers)</subfield>
   <subfield code="v">Congresses.</subfield>
  </datafield>
  <datafield tag="650" ind1=" " ind2="0">
   <subfield code="a">Peer-to-peer architecture (Computer networks</subfield>
   <subfield code="v">Congresses.</subfield>
  </datafield>
  <datafield tag="700" ind1="1" ind2=" ">
   <subfield code="a">Barolli, Leonard </subfield>
   <subfield code="e">editor.</subfield>
  </datafield>
  <datafield tag="700" ind1="1" ind2=" ">
   <subfield code="a">Takizawa, Makoto </subfield>
   <subfield code="e">editor.</subfield>
  </datafield>
  <datafield tag="700" ind1="1" ind2=" ">
   <subfield code="a">Yoshihisa, Tomoki </subfield>
   <subfield code="e">editor.</subfield>
  </datafield>
  <datafield tag="700" ind1="0" ind2=" ">
   <subfield code="a">Amato, Flora </subfield>
   <subfield code="e">editor.</subfield>
  </datafield>
  <datafield tag="700" ind1="0" ind2=" ">
   <subfield code="a">Ikeda, Makoto </subfield>
   <subfield code="e">editor.</subfield>
  </datafield>
  <datafield tag="710" ind1="2" ind2=" ">
   <subfield code="a">SpringerLink (Online service).</subfield>
  </datafield>
  <datafield tag="842" ind1=" " ind2=" ">
   <subfield code="a">Electronic Resource</subfield>
  </datafield>
  <datafield tag="856" ind1="4" ind2=" ">
   <subfield code="u">https://doi.org/10.1007/978-3-030-61105-7</subfield>
   <subfield code="z">Available for University of the Philippines System via SpringerLink. Click here to access</subfield>
  </datafield>
  <datafield tag="856" ind1="4" ind2=" ">
   <subfield code="u">https://link-springer-com.ezproxy.engglib.upd.edu.ph/book/10.1007/978-3-030-61105-7</subfield>
   <subfield code="z">Also available remotely for University of the Philippines System via SpringerLink. Click here to access thru EZproxy</subfield>
  </datafield>
  <datafield tag="905" ind1=" " ind2=" ">
   <subfield code="a">FO</subfield>
  </datafield>
  <datafield tag="852" ind1="0" ind2=" ">
   <subfield code="a">UPD</subfield>
   <subfield code="b">DENG-II</subfield>
   <subfield code="h">QA 76.58</subfield>
   <subfield code="i">I584 2021eb</subfield>
  </datafield>
  <datafield tag="942" ind1=" " ind2=" ">
   <subfield code="a">Electronic Resource</subfield>
  </datafield>
 </record>
</collection>
